Social security legislation 2010-2011 vol.1: non meanstested benefits and employment and support allowance / (Record no. 5335)

MARC details
000 -LEADER
fixed length control field 01074nam a22002537a 4500
008 - FIXED-LENGTH DATA ELEMENTS--GENERAL INFORMATION
fixed length control field 130310t xxu||||| |||| 00| 0 eng d
020 ## - INTERNATIONAL STANDARD BOOK NUMBER
International Standard Book Number 9-7804-1404-5064
082 ## - DEWEY DECIMAL CLASSIFICATION NUMBER
Edition number 22 ed.
Classification number 344.4102
Item number BON
100 ## - MAIN ENTRY--PERSONAL NAME
Personal name Commentary by Bonner David
9 (RLIN) 7094
245 ## - TITLE STATEMENT
Title Social security legislation 2010-2011 vol.1: non meanstested benefits and employment and support allowance /
Statement of responsibility, etc Commentary by David Bonner …[et al]
260 ## - PUBLICATION, DISTRIBUTION, ETC. (IMPRINT)
Place of publication, distribution, etc England :
Name of publisher, distributor, etc Thomson Reuters
Date of publication, distribution, etc 2010
300 ## - PHYSICAL DESCRIPTION
Extent lvii, 1478 P. ;
Dimensions 25 cm.
500 ## - GENERAL NOTE
General note Includes Index
650 ## - SUBJECT ADDED ENTRY--TOPICAL TERM
Topical term or geographic name as entry element Employment law
9 (RLIN) 6909
650 ## - SUBJECT ADDED ENTRY--TOPICAL TERM
Topical term or geographic name as entry element Employment
9 (RLIN) 6951
650 ## - SUBJECT ADDED ENTRY--TOPICAL TERM
Topical term or geographic name as entry element Social security legislation 2010-2011 vol.1: non meanstested benefits and employment and support allowance
9 (RLIN) 7095
700 ## - ADDED ENTRY--PERSONAL NAME
Personal name Hooker, Ian
9 (RLIN) 7096
700 ## - ADDED ENTRY--PERSONAL NAME
Personal name Poynter, Richard
9 (RLIN) 7097
700 ## - ADDED ENTRY--PERSONAL NAME
Personal name White, Robin
9 (RLIN) 7098
700 ## - ADDED ENTRY--PERSONAL NAME
Personal name Wikeley, Nick
9 (RLIN) 7099
700 ## - ADDED ENTRY--PERSONAL NAME
Personal name Wood, Penny
9 (RLIN) 7100
942 ## - ADDED ENTRY ELEMENTS (KOHA)
Source of classification or shelving scheme Dewey Decimal Classification
Item type Books
Holdings
Withdrawn status Lost status Source of classification or shelving scheme Damaged status Not for loan Home library Current library Shelving location Date acquired Total Checkouts Full call number Barcode Date last seen Copy number Price effective from Koha item type Public note
    Dewey Decimal Classification     Law Development Centre Main Library Law Development Centre Main Library Text Books and Laws 03/10/2013   344.4102 BON 4532/2013 03/10/2013 1 03/10/2013 Books Reserve